| 000 | 01636nam a2200217Ia 4500 | ||
|---|---|---|---|
| 001 | b5736-38943 | ||
| 003 | IT-MiCISF | ||
| 008 | 161014s9999||||xx |||||||||||||| ||und|| | ||
| 040 |
_aIT-MiCISF _cIT-MiCISF |
||
| 041 | _ait | ||
| 100 | _aMoggi Rita | ||
| 245 | 0 | _aLega il tuo aratro a una stella! | |
| 250 | _a1a ed. | ||
| 260 |
_a Siena _bCantagalli _c2003 |
||
| 300 | _app. 244 | ||
| 500 | _a / pastorale-familiare, chiesa-locale, vocazione, teologia, chiesa-domestica, ministero-coniugale, comunità, spiritualità-familiare / Il contenuto del volume è, di fatto, la storia della vita da sposi degli AA., i quali raccontano le dimensioni dell'essere famiglia cristiana, che - proposte dal loro parroco e direttore spirituale - essi hanno accettato e fatto proprie nelle scelte importanti e nei gesti della vita quotidiana. Nel dialogo ricco e fecondo tra loro e il sacerdote, la famiglia diventa Chiesa domestica a partire dalla parrocchia: vivendo l'esperienza della condivisione nelle piccole comunità di famiglie si realizza una dimensione ecclesiale, sociale e spirituale, che lega tra loro gli sposi superando la condizione d'isolamento della moderna famiglia mononucleare. Dalla lettura emergono le linee portanti di un'antropologia vocazionale e comunionale che porta i laici al servizio della Chiesa, senza rinunciare alla loro presenza nel mondo; antropologia nella quale s'innesta una teologia del matrimonio i cui termini costitutivi sono consacrazione, comunità e diaconia. | ||
| 650 |
_a Temi di pastorale / pastorale-familiare _e012 |
||
| 700 | _aMoggi Vittorio | ||
| 942 | _cBK | ||
| 957 | _71 | ||
| 999 |
_a38943 _bsi _g1 _c211379 _d211379 |
||